000 00449nam a22001697a 4500
003 SGT
020 _a9789392819117
082 _a614.1
_bT23K
100 _aKANCHAN, TANUJ
245 _aTHIEME TEST PREP SERIES FORENSIC MEDICINE AND TOXICOLOGY
250 _a1ST
260 _aINDIA
_bTHIEME PUB
_c2023
300 _a308
650 _aFORENSIC MEDICINE
653 _aTHIEME TEST PREP SERIES FORENSIC MEDICINE AND TOXICOLOGY
942 _2ddc
_cBK
999 _c30763
_d30763